000 00480nam a2200181Ia 4500
003 IN-BaIIA
008 211028s9999 xx 000 0 eng d
020 _a978-1-118-48142-4
040 _cIIA Library
080 _a530.1
_bSHE
100 _aShepherd, P. J
_936170
245 2 _aA Course in theoretical physics
_cP. J. Shepherd
260 _aWest Sussex
_bWiley
_c2013
300 _axvi, 465p.
650 _aQuantum theory
650 _aStatistical physics
_94158
942 _cBK
999 _c18938
_d18938